| 000 | 01389nam a22002297a 4500 | ||
|---|---|---|---|
| 003 | OSt | ||
| 005 | 20230619102026.0 | ||
| 008 | 120705t xxu||||| |||| 00| 0 eng d | ||
| 020 | _a9780023018839 | ||
| 040 | _cWIUC-GH | ||
| 050 | _aKD1554.M39 | ||
| 100 |
_aMckendrick, Ewan. _91690 |
||
| 245 |
_aContract law. / _cEwan Mchendrick |
||
| 250 | _a7th ed. | ||
| 260 |
_aNew York: _bPalgrave Macmillan, _c2007. |
||
| 300 |
_axivi,473 p.: _bill.: _c20cm. |
||
| 490 | _aPalgrave MacMillan law masters | ||
| 505 | _aContents: Introduction -- The Formation and scope of a contract -- Agreement: Clearing the ground -- Offer and acceptance -- Certaintity and agreement mistakes -- Consideration and form -- Intention to create legal relations -- Third party rights -- The content of a contract -- What is a term -- The Sources of contractual terms -- The Classification of contractual terms -- Exclsive clauses -- Policing the contract -- Misrepresentation -- Common mistakes and frustration -- Illegality -- Capacity -- Duress,undue influence and inequality of bargaining power -- Performance, discharge and remedies for breach of contract -- Performance and discharge of contract -- Breach of contract -- Damages for breach of contract -- Obtaining an adequate remedy -- Bibliography -- Index. | ||
| 650 |
_aContracts - England _91691 |
||
| 650 |
_aContracts - Wales _91692 |
||
| 942 |
_2lcc _cBK |
||
| 999 |
_c1631 _d9131 |
||